Statistiques concernant Lundi

Cliquez ici pour prendre le quiz!

Statistiques générales

  • Ce quiz a été pris 72 fois
  • Le résultat moyen est 4 sur 8

Statistiques - réponses

QuestionsRéponses% Correct
Le nom lundi vient du latin lunae dies ce qui signifie « jour de la _____ »Lune
92%
Traditionnellement le lundi est considéré comme le _______ jour de la semaine.Deuxième
85%
Le 19 octobre 1987 est aussi appelé le lundi ____ lors du krach d’octobre 1987. Le Dow Jones perd 22,6 %, la plus importante baisse des actions enregistrée en une journée.Noir
67%
« Lundi en huit » signifie « lundi ______ »Prochain
65%
Dans la bande dessinée qui porte son nom, le chat _______ déteste le lundi car il lui arrive des malheurs ce jour là.Garfield
53%
Le lundi est considéré comme le premier jour de la semaine par la numérotation ISO de ____ (année).1988
29%
Au Moyen-Âge, le lundi matin marquait le fin de la _____ de Dieu.Trêve
18%
Le lundi ___ est le premier jour du grand Carême orthodoxe.Pur
3%

Distribution des résultats

Percentile par nombre de réponses

% des personnes avec chaque résultat

Votre développement - résultats

Vous n’avez pas pris ce quiz